000
00221nam a22000857a 4500
008
170607b xxu||||| |||| 00| 0 eng d
100
_9
3316
_a
Anand. U
245
_a
Lets do a play
260
_a
New Delhi
_b
National Book Trust
_c
2003
999
_c
6635
_d
6635